000 00451nmm a2200157Ia 4500
008 251105s9999||||xx |||||||||||||||||und||
020 _a9789586486019
041 _aspa
100 _aValencia García, Germán
245 0 _aGeometría descriptiva. Paso a paso
264 _a[Bogotá, Colombia] :
_bEcoe Ediciones,
_c2009
300 _a310 páginas
650 _aSciences
856 _uhttps://public.digitaliapublishing.com/a/70472
942 _cCF
999 _c95276
_d95276